00654nam a22002057a 450000500170000001000130001702000100003003500130004003700160005304000120006908200190008110000160010024501010011626000500021727000420026730000270030950000510033665000310038765000300041820170124110012.0 aA-712636 c00.00 aA-712636 bCen Lib/Ret aDPLbEN a338.10954bDEW aDewan, M.L. aAgricultural and rural development in india :cby M.L. Dewan ba case on the dignity of labour / aNew Delhi bConcept Publishing Company c1982 aH-13, bali nagar bNew Delhi e110015 axxiii, 227p.c20cm(Hb) aIncludes bibliographical references and index  aRural development zIndia  aAgricultural development